| 000 | 00665 a2200205 4500 | ||
|---|---|---|---|
| 010 | _aENG-89890 | ||
| 020 |
_c275.00 _a8173715947 |
||
| 035 | _aEN-73423 | ||
| 037 | _bDBAD / PUB | ||
| 082 | 1 | 4 | _a660.283 |
| 090 |
_c11930 _d11930 |
||
| 100 | 1 | _aAsokan, K. | |
| 245 | 1 |
_aChemical process calculations/ _cby K. Asokan |
|
| 260 |
_aHyderabad _bUniversities Press (India) _c2007 |
||
| 270 |
_bHyderabad _e500 029 _a3-6-747/1/A & 3-6-754/1, Himayatnagar, |
||
| 300 |
_avii, 253p. _c24cm (pbk ) |
||
| 500 | _aLecture notes | ||
| 942 |
_adpl _cEN _k660.283 / ASO |
||
| 999 |
_c11576 _d11576 |
||